LEADER 01922nam 2200433Ia 450 001 996385502503316 005 20200824132105.0 035 $a(CKB)4940000000079184 035 $a(EEBO)2240859144 035 $a(OCoLC)ocm12846761e 035 $a(OCoLC)12846761 035 $a(EXLCZ)994940000000079184 100 $a19851126d1680 uy | 101 0 $alat 135 $aurbn||||a|bb| 200 10$aOfficium hominis$b[electronic resource] $ecum stylo, tum methodo luculentissima? expositum : opus cujusvis, at pręcipue? indoctissimi lectoris captui accommodatum : in XVII capita divisum : quorum uno, quovis die dominico, perlecto, omniater quovis anno perlegantur : cum orationibus aliquot pro variis occasionibus 210 $aLondini $cpro Roberto Pawlet ...$d1680 215 $a[24], 367 p 300 $aA translation of "The whole duty of man", which is now generally ascribed to Richard Allestree. It has been variously ascribed to Lady Dorothy Pakington; Richard Sterne, Abp. of York; John Fell, Bp. of Oxford; Humphrey Henchman, Bp. of Salisbury, and others. cf. DNB. 300 $aSpecial t.p. on p. [287]: Preces, privatae variis occasionibus ordinariis extraordinariis accommodatae. 300 $aReproduction of original in Huntington Library. 330 $aeebo-0113 606 $aChristian life$vEarly works to 1800 606 $aDevotional exercises 615 0$aChristian life 615 0$aDevotional exercises. 700 $aAllestree$b Richard$f1619-1681.$0793142 701 $aPakington$b Dorothy Coventry$cLady,$fd. 1679.$01001112 701 $aSterne$b Richard$f1596?-1683.$01001111 701 $aFell$b John$f1625-1686.$01001113 701 $aHenchman$b Humphrey$f1592-1675.$0793659 801 0$bEAA 801 1$bEAA 801 2$bm/c 801 2$bWaOLN 906 $aBOOK 912 $a996385502503316 996 $aOfficium hominis$92385422 997 $aUNISA LEADER 02286nam 2200397 450 001 9910163231703321 005 20230412112830.0 010 $a1-62517-343-1 035 $a(CKB)3710000001046085 035 $a(NjHacI)993710000001046085 035 $a(EXLCZ)993710000001046085 100 $a20230412d2013 uy 1 101 0 $aeng 135 $aur||||||||||| 181 $ctxt$2rdacontent 182 $cc$2rdamedia 183 $acr$2rdacarrier 200 10$aClean Sweep /$fIlona Andrews 210 1$aSan Francisco :$cNYLA,$d2013. 210 4$d©2013 215 $a1 online resource (234 pages) 225 1 $aInnkeeper chronicles 311 $a1-4943-8858-8 320 $aIncludes bibliographical references. 330 $aOn the outside, Dina Demille is the epitome of normal. She runs a quaint Victorian Bed and Breakfast in a small Texas town, owns a Shih Tzu named Beast, and is a perfect neighbor, whose biggest problem should be what to serve her guests for breakfast. But Dina is ... different: Her broom is a deadly weapon; her Inn is magic and thinks for itself. Meant to be a lodging for otherworldly visitors, the only permanent guest is a retired Galactic aristocrat who can't leave the grounds because she's responsible for the deaths of millions and someone might shoot her on sight. Under the circumstances, "normal" is a bit of a stretch for Dina. And now, something with wicked claws and deepwater teeth has begun to hunt at night ... Feeling responsible for her neighbors, Dina decides to get involved. Before long, she has to juggle dealing with the annoyingly attractive ex-military new neighbor, Sean Evans an alpha-strain werewolf and the equally arresting cosmic vampire soldier, Arland, while trying to keep her inn and its guests safe. But the enemy she's facing is unlike anything she's ever encountered before. It's smart, vicious, and lethal, and putting herself between this creature and her neighbors might just cost her everything. 410 0$aInnkeeper chronicles. 606 $aVampires$vFiction 615 0$aVampires 676 $a813.6 700 $aAndrews$b Ilona$01240374 801 0$bNjHacI 801 1$bNjHacl 906 $aBOOK 912 $a9910163231703321 996 $aClean Sweep$93086859 997 $aUNINA